000 00358nam a22001577a 4500
003 MPLRDC
005 20220104143215.0
008 210129b ||||| |||| 00| 0 eng d
082 _a947.39 NNS
100 _a倪南山编
245 _a瓜困画资料
_c
260 _a
_b香港南山出版社
_c
300 _b
650 _a
942 _cBK
_o947.39 NNS
999 _c37656
_d37646